| 000 | 00870cam a2200277 a 4500 | ||
|---|---|---|---|
| 001 | 14038 | ||
| 003 | BD-JhCC | ||
| 005 | 20240525131803.0 | ||
| 008 | 750731s1974 ruraf 000 0beng | ||
| 035 | _a(BD-JhCC)14038 | ||
| 035 | _a151592 | ||
| 040 |
_aLC _cLC _dABN-SNR |
||
| 041 | _aeng | ||
| 050 | 0 | 0 |
_aDK254.L4 _bZ4615 |
| 082 | 0 | 0 |
_a947.08410 _bZEV 1975 |
| 100 | 1 | _aZevin,V | |
| 245 | 1 | 0 |
_aVladimir Ilyich Lenin : _blife and work / _c[V. Zevin and G. Golikov]. |
| 260 |
_aMoscow : _bNovosti Press, _c1975. |
||
| 300 |
_a174 p., 32 leaves of plates : _bill. ; _c16 cm. |
||
| 500 | _aTranslation of V. I. Lenin. | ||
| 600 | 1 | 0 |
_aLenin, Vladimir Ilich, _d1870-1924. |
| 650 | 0 |
_aHeads of state _zSoviet Union _xBiography. |
|
| 650 | 0 |
_aRevolutionaries _zSoviet Union _vBiography. |
|
| 700 | 1 |
_aGolikov, G. _q(Georgii), _d1913-, |
|
| 942 |
_2ddc _cBK |
||
| 999 |
_c14038 _d14038 |
||